| 000 | 00577nam a2200181Ia 4500 | ||
|---|---|---|---|
| 001 | 20344 | ||
| 005 | 20260306172759.0 | ||
| 008 | 260306t2025||||xx |||||||||||||| ||spa|| | ||
| 041 | _aESP | ||
| 082 |
_a343.2 _bF42 T. 1 V. 2 |
||
| 100 |
_aFernández Segado, Francisco, _eAUT |
||
| 245 | 0 |
_aLa justicia constitucional. Su devenir a lo largo de un siglo y medio (1787-1938) : _blos inicios de la justicia constitucional en los Estados Unidos (1787-1864) |
|
| 260 | _c2025 | ||
| 300 |
_a663 páginas : _c24 cm. |
||
| 650 | _aGEN | ||
| 654 | _aCDE | ||
| 942 |
_cLIB _dJUS _fJUS _2ddc _n |
||
| 999 |
_c20344 _d20344 |
||